000 01245 aa a2200253 4500
005 20090912102416.0
008 080917t xxu||||| |||| 00| 0 hin d
010 _aB-357315
020 _c200.00
_a817043159x
035 _aB-357315
037 _bपु.प्र.अ.प्र/प्रका
082 _a503
100 _aअग्रवाल, जे.पी.
245 _aसचित्र विज्ञान कोश /
_cजे.पी. अग्रवाल एवं एस.पी.सिंह
246 _aSachitra Vigyan Kosh
_bby J.P.Agarwal
260 _aदिल्ली
_bआत्माराम एण्ड संस
_c2009
270 _a1376, कश्मीरी गेट
_bदिल्ली
_e110006
_k011-23946466, 23973082
300 _a133पृ
_c24सेमी (सजिल्द)
_bसचित्र
650 _aScience
_xEncuclopedia
650 _aविज्ञान
_xविश्वकोश
700 _aएस.पी.सिंह
942 _adpl
_cCH
_2ddc
_h503
_mअग्रवा
999 _c30291
_d30291